000
00291nam a22001457a 4500
020
_a
81-713-0016-2
082
_a
894.812.3
_b
BAS/M
100
_a
BASHEER
245
_a
MATHILUKAL
260
_a
KOTTAYAM
_b
DC BOOKS
_c
2017
300
_a
63
520
_a
NOVEL
650
_a
NOVEL
942
_c
BK
999
_c
4719
_d
4719